00251nam a2200097Ia 4500008004100000100001600041245003700057260003300094260000900127999001700136170620s9999 xx 000 0 und d aKAPOOR- S.K 0aINTERNATIONAL LAW & HUMAN RIGHTS bCENTRAL LAW AGENCY ALLAHABAD c2016 c30455d30455